000 00461nam a2200181Ia 4500
001 2159
005 20260306143821.0
008 260306t2008||||xx |||||||||||||| ||spa||
041 _aESP
082 _a615.8515
_bP75
100 _aPolonio López, Begoña
_eAUT
245 0 _aTerapia ocupacional en la infancia:
_bteoría y práctica
260 _c2008
300 _axx, 412 páginas :
_c24 cm.
650 _aGEN
654 _aCPS
942 _cLIB
_dJUS
_fJUS
_2ddc
_n
999 _c2159
_d2159